Escritos políticos y económicos : (Registro nro. 5091)

Detalles MARC
000 -LEADER
fixed length control field 01013nam a2200253Ia 4500
003 - CONTROL NUMBER IDENTIFIER
control field OSt
005 - DATE AND TIME OF LATEST TRANSACTION
control field 20200402172052.0
008 - FIXED-LENGTH DATA ELEMENTS--GENERAL INFORMATION
fixed length control field 191128s1986 ck fr 000 0 spa d
020 ## - INTERNATIONAL STANDARD BOOK NUMBER
International Standard Book Number 8489218021
040 ## - CATALOGING SOURCE
Original cataloging agency CO-JMCR
Transcribing agency CO-JMCR
041 0# - LANGUAGE CODE
Language code of text/sound track or separate title spa
082 04 - DEWEY DECIMAL CLASSIFICATION NUMBER
Classification number 320 /
Item number E775e
100 1# - MAIN ENTRY--PERSONAL NAME
Personal name Espinosa Valderrama, Augusto,
Relator term autor
9 (RLIN) 1699
245 10 - TITLE STATEMENT
Title Escritos políticos y económicos :
Remainder of title 1942-1958 /
Statement of responsibility, etc. Augusto Espinosa Valderrama
250 ## - EDITION STATEMENT
Edition statement Primera edición
260 ## - PUBLICATION, DISTRIBUTION, ETC.
Place of publication, distribution, etc. Bogotá :
Name of publisher, distributor, etc. Contraloría General de la República,
Date of publication, distribution, etc. 1986
300 ## - PHYSICAL DESCRIPTION
Extent 4v. ;
Dimensions 24 cm.
520 ## - SUMMARY, ETC.
Summary, etc. Convencido del papel que juega la historia en el que hacer del hoy y el mañana, así como de los enormes dificultades que encuentra el estudioso para tener información de este pasado.
600 1# - SUBJECT ADDED ENTRY--PERSONAL NAME
Personal name Espinosa Valderrama, Augusto
Dates associated with a name 1919-
General subdivision Escritos políticos
9 (RLIN) 2462
650 14 - SUBJECT ADDED ENTRY--TOPICAL TERM
Topical term or geographic name entry element Liberalismo
Geographic subdivision Colombia
9 (RLIN) 1700
650 14 - SUBJECT ADDED ENTRY--TOPICAL TERM
Topical term or geographic name entry element Partido liberal
General subdivision historia
Geographic subdivision Colombia
9 (RLIN) 1701
650 14 - SUBJECT ADDED ENTRY--TOPICAL TERM
Topical term or geographic name entry element Política y gobierno
9 (RLIN) 1696
942 ## - ADDED ENTRY ELEMENTS (KOHA)
Source of classification or shelving scheme Dewey Decimal Classification
Koha item type Books
Existencias
Withdrawn status Lost status Source of classification or shelving scheme Damaged status Not for loan Collection code Home library Current library Date acquired Source of acquisition Cost, normal purchase price Full call number Barcode Date last seen Copy number Price effective from Koha item type Total Checkouts
    Dewey Decimal Classification     Non-fiction Biblioteca Pública José María del Castillo y Rada Biblioteca Pública José María del Castillo y Rada 04/15/2018 Donación 0.00 320 / E775e 430001287 05/16/2024 V.1 / Ej.1 11/28/2019 Books  
    Dewey Decimal Classification     Non-fiction Biblioteca Pública José María del Castillo y Rada Biblioteca Pública José María del Castillo y Rada 04/15/2018 Donación 0.00 320 / E775e 430001290 05/16/2024 V.3 / Ej.1 04/02/2020 Books  
    Dewey Decimal Classification     Non-fiction Biblioteca Pública José María del Castillo y Rada Biblioteca Pública José María del Castillo y Rada 04/15/2018 Donación 0.00 320 / E775e 201811403 05/16/2024 V.4 / Ej.1 04/02/2020 Books